| 000 | 01496njm a2200313 i 4500 | ||
|---|---|---|---|
| 001 | 4602 | ||
| 003 | ES-MaACL | ||
| 005 | 20250831091715.0 | ||
| 007 | s|r||||||||||| | ||
| 008 | 041214s1982 sp ||| g ||||||||1|nspa d | ||
| 100 | 1 |
_aIrigoyen, Ramón, _d1942- _965469 |
|
| 245 | 1 | 5 |
_a"Los abanicos del Caudillo" e inéditos _h[Grabación sonora] / _cinterviene Ramón Irigoyen. "La tradición como novedad" (Con lectura crítica de poemas inéditos posteriores a "Huir del invierno"/ interviene Luis Antonio de Villena. |
| 260 |
_aMadrid : _bAteneo de Madrid, _c1982. |
||
| 300 |
_a2 discos (CD-DA) (2 h. 4 min. 24 seg.) ; _c12 cm. |
||
| 490 | 1 | _aConversaciones sobre Joven Poesía Española (3ª. Madrid. 1982 | |
| 500 | _aDatos basados en invitación. | ||
| 518 | _aActo organizado por la Fundación Pablo Iglesias en colaboración del Ateneo de Madrid, grabado en el salón de actos el lunes 8 de noviembre de 1982, a partir de las 19:30 h. | ||
| 610 | 2 | 4 |
_aAteneo de Madrid- _xActos culturales- _y1982- _vGrabaciones sonoras. _91895 |
| 700 | 1 |
_aVillena, Luis Antonio de, _d1951- _9240059 |
|
| 710 | 2 |
_aFundación Pablo Iglesias _94374 |
|
| 710 | 2 |
_aAteneo de Madrid. _91875 |
|
| 740 | 3 | _aLa tradición como novedad. | |
| 740 | 0 | _aHuir del invierno. | |
| 830 | 0 |
_aConversaciones sobre Joven Poesía Española (3ª. Madrid. 1982 _9177067 |
|
| 852 |
_aES-MaACL _jROT 5/1/15 _94719 _cROT |
||
| 852 |
_aES-MaACL _jROT 5/1/16 _9203617 _cROT |
||
| 942 | _2udc | ||
| 999 |
_c4602 _d4602 |
||